000 00389nam a2200145Ia 4500
008 240729s9999 xx 000 0 und d
245 0 _aJournal of Pharmacological Sciences
260 _aJapan
260 _bElsevier
650 _a Therapeutics. Pharmacology
650 _aMedicine
856 _uhttps://doaj.org/toc/6c1a1147573045e6b8a8507779480a3b
942 _2ddc
942 _cDOAJEJ
999 _c71374
_d71374
945 _a1
_bMadushi Gamage
_c1
_dMadushi Gamage